00547nam a2200193 a 4500001001300000003000900013005001700022008004100039020001000080082001300090100003200103245004800135260004400183300000800227500003500235505002400270650002700294700003200321nice12345678IN_TiNIC20260116013446.0050524s1996 mada grp 000 0 eng  ac10000a025bIND aIndia Mission Association,  aDirectory of Indian Missions (january 1996) aMadrasbIndia Missions Asociationc1996 a20p aincludes index and biblioraphy2 aBibliography, Index aDirectory-Christianity1 aIndia Mission Association,